LEADER 01154cam0-2200397---450- 001 990008839890403321 005 20130926150711.0 010 $a978-88-420-8845-5 035 $a000883989 035 $aFED01000883989 035 $a(Aleph)000883989FED01 035 $a000883989 100 $a20090416d2009----km-y0itay50------ba 101 0 $aita 102 $aIT 105 $ay-------001yy 200 1 $aCostituzionalismo$epercorsi della storia e tendenze attuali$fMaurizio Fioravanti 210 $aRoma ; Bari$cEditori Laterza$d2009 215 $aXI, 175 p.$d24 cm 225 1 $aSagittari Laterza$v167 610 0 $aCostituzionalismo$aStoria 676 $a321.809$v22$zita 700 1$aFioravanti,$bMaurizio$0145313 801 0$aIT$bUNINA$gREICAT$2UNIMARC 901 $aBK 912 $a990008839890403321 952 $aI C 343$b49901$fFSPBC 952 $aCollez. 1111 (167)$b49900$fFSPBC 952 $aDFD F-096$b10183 ddr$fDDR$m21-12338 952 $aIII 235$bs.i.$fDDCIC 952 $aDDR-FdR ROT-007$b10832 ddr$fDDR 959 $aDFD 959 $aFSPBC 959 $aDDCIC 996 $aCostituzionalismo$9229570 997 $aUNINA LEADER 01103nam--2200397---450- 001 990000427490203316 005 20090202135140.0 010 $a88-14-02332-8 035 $a0042749 035 $aUSA010042749 035 $a(ALEPH)000042749USA01 035 $a0042749 100 $a20010504d1990----km-y0itay0103----ba 101 $aita 102 $aIT 105 $a||||||||001yy 200 1 $a<> budget$fUmberto Bocchino 210 $aMilano$cGiuffrè$d1990 215 $aXV, 460 p.$d25 cm$efloppy disk 410 $12001 461 1$1001-------$12001 606 0 $aBilancio$xStudi 606 0 $aAziende$xPianificazione$xStudi 676 $a658.154 700 1$aBOCCHINO,$bUmberto$0111837 801 0$aIT$bsalbc$gISBD 912 $a990000427490203316 951 $a658.154 BOC 1 (IRA 25 229)$b69093 EC$cIRA 25$d00011993 959 $aBK 969 $aECO 979 $aPATTY$b90$c20010504$lUSA01$h1629 979 $c20020403$lUSA01$h1651 979 $aPATRY$b90$c20040406$lUSA01$h1630 979 $aRSIAV2$b90$c20090202$lUSA01$h1351 996 $aBudget$9424771 997 $aUNISA